Compendio de leyes especiales para la función policial
Kaydedildi:
| Materyal Türü: | Kitap |
|---|---|
| Dil: | İspanyolca |
| Baskı/Yayın Bilgisi: |
Santiago
Juridica de Chile
2010
|
| Edisyon: | 2a. ed |
| Konular: | |
| Etiketler: |
Etiketle
Etiket eklenmemiş, İlk siz ekleyin!
|
MARC
| LEADER | 00000nam a2200000 a 4500 | ||
|---|---|---|---|
| 001 | UCG1675 | ||
| 003 | CL-VaPUC | ||
| 008 | 100513e20100000CL |||||||||||||||||spa|d | ||
| 020 | |a 9789561020177 | ||
| 082 | 0 | 4 | |a 363.23 |b COM |2 21 |
| 245 | 1 | 0 | |a Compendio de leyes especiales para la función policial |
| 250 | |a 2a. ed | ||
| 300 | |a 249 p | ||
| 942 | |c BK | ||
| 945 | |d 20100513 00:00:00 |a rbrito | ||
| 260 | |a Santiago |b Juridica de Chile |c 2010 | ||
| 600 | 0 | 7 | |a CARABINEROS DE CHILE |2 CL-VaPUC |9 388628 |
| 650 | 7 | |a LEYES ESPECIALES |2 CL-VaPUC |9 549656 | |
| 650 | 7 | |a POLICIA |2 CL-VaPUC |9 313500 | |
| 650 | 7 | |a LEY |2 CL-VaPUC |9 549657 | |
| 650 | 7 | |a DECRETOS |2 CL-VaPUC |9 309678 | |
| 651 | 7 | |a CHILE |2 CL-VaPUC |9 549658 | |
| 583 | |a last modification |c 20100513 00:00:00 |k Rodrigo Vera | ||
| 999 | |c 340964 |d 340962 | ||
| 952 | |0 0 |1 0 |4 0 |6 363_230000000000000_COM_2010 |7 0 |8 A |9 436142 |a BIBDER |b BIBDER |d 2019-11-22 |i 4674987 |o 363.23 COM 2010 |p 4674987 |r 2023-01-25 |w 2019-11-22 |y BK |k DER | ||
| 952 | |0 0 |1 0 |4 0 |6 363_230000000000000_COM_2010 |7 0 |8 A |9 436143 |a BIBDER |b BIBDER |d 2019-11-22 |i 4674995 |o 363.23 COM 2010 |p 4674995 |r 2023-01-25 |w 2019-11-22 |y BK |k DER | ||